Cursos de postgrado -1979- Movimiento obrero latinoamericano

Đã lưu trong:
Chi tiết về thư mục
Tác giả của công ty: Universidad de La Habana. Facultad de Filosofía e Historia. Departamento de Comunismo Científico
Định dạng: Texto
Được phát hành: s.n.t. :
Các nhãn: Thêm thẻ
Không có thẻ, Là người đầu tiên thẻ bản ghi này!

MARC

LEADER 00000 a a2200000 04500
001 18874
003
040
090 |a 015300  
110 |a Universidad de La Habana. Facultad de Filosofía e Historia. Departamento de Comunismo Científico  
245 |a Cursos de postgrado -1979- Movimiento obrero latinoamericano  
260 |a s.n.t. :  
300 |a p. varia.  
999 |c 4781  |d 4781